| 000 | 01398nam a22003374a 4500 | ||
|---|---|---|---|
| 001 | ebr10048976 | ||
| 003 | CaPaEBR | ||
| 006 | m u | ||
| 007 | cr cn||||||||| | ||
| 008 | 020118s2003 caua sb 001 0 eng | ||
| 010 | _z 2002018748 | ||
| 020 | _z0520232410 (cloth : alk. paper) | ||
| 020 | _z0520232429 (paper : alk. paper) | ||
| 040 |
_aCaPaEBR _cCaPaEBR |
||
| 035 | _a(OCoLC)614696230 | ||
| 050 | 1 | 4 |
_aF3430.1.M3 _bJ64 2003eb |
| 082 | 0 | 4 |
_a305.898/39 _221 |
| 100 | 1 | _aJohnson, Allen W. | |
| 245 | 1 | 0 |
_aFamilies of the forest _h[electronic resource] : _bthe Matsigenka Indians of the Peruvian Amazon / _cAllen Johnson. |
| 260 |
_aBerkeley : _bUniversity of California Press, _cc2003. |
||
| 300 |
_axvii, 258 p. : _bill. |
||
| 504 | _aIncludes bibliographical references (p. 231-242) and index. | ||
| 533 |
_aElectronic reproduction. _bPalo Alto, Calif. : _cebrary, _d2013. _nAvailable via World Wide Web. _nAccess may be limited to ebrary affiliated libraries. |
||
| 650 | 0 |
_aMachiguenga Indians _xKinship. |
|
| 650 | 0 | _aMachiguenga cosmology. | |
| 650 | 0 |
_aMachiguenga Indians _xSocial life and customs. |
|
| 651 | 0 |
_aAmazon River Region _xSocial life and customs. |
|
| 655 | 7 |
_aElectronic books. _2local |
|
| 710 | 2 | _aebrary, Inc. | |
| 856 | 4 | 0 |
_uhttp://site.ebrary.com/lib/rucke/Doc?id=10048976 _zAn electronic book accessible through the World Wide Web; click to view |
| 999 |
_c180843 _d180843 |
||